00814nam a22002297a 450000100060000000300080000600500170001400800410003103500190007204000260009104100080011708200270012510000580015224500610021026000460027130000330031750400190035065000450036994200120041499900170042695201410044319409BD-RjUL20211209000429.0140224s1962 uk ||||| |||| 001 0 eng d a(BD-RjUL)19469 aBD-RjULbengcBD-RjUL aeng 220a 780.954bRAS 1962 aRAO, T.V .SUBBA.qTirupasoor Venkata Subba Rao959666 aStudies in Indian music /cTirupasoor Venkata Subba Rao. aLondon : bAsia Publishing House,c 1962. ax, 248 p. :bill. ;c 23 cm. aIncludes index 2Music -- India -- History and criticism. 2ddccBK c19409d19409 00102ddc40718NFICaRUCLbRUCLcReadingd1963-10-29eZeittingerg18.75l0o780.954 RAS 1962r2014-02-24 00:00:00tC-1w2021-12-09yBK